Little bears at the park

Bibliographic Details
Main Author: Mott, Lynn
Format: Book
Published: Kuala Lumpur : Kohwai & Young Publications , 2006
Series:The busy bears reading series
Subjects:

MARC

LEADER 00000cam a2200000 7i4500
001 0000006452
005 20220105104022.0
008 070816
020 |a 9831918398 
090 0 0 |a JP   |b EL ENG (6350) 
100 1 |a Mott, Lynn 
245 1 0 |a Little bears at the park   |c Lynn Mott 
260 |a Kuala Lumpur :   |b Kohwai & Young Publications ,   |c 2006 
440 |a The busy bears reading series 
500 |a Children age 4-6 years old (yellow) 
650 0 |a Early learning 
650 0 |a Junior preschool   |x English   |x Languages 
999 |a 0000984845   |b Book   |c Children Collection   |e Perbadanan Perpustakaan Awam Johor 
999 |a 0000984846   |b Book   |c Children Collection   |e Cawangan Sri Merlong 
999 |a 0000984848   |b Book   |c Children Collection   |e Cawangan Urban Transformation Centre 
999 |a 0001129490   |b Book   |c Children Collection   |e Cawangan Bandar Penawar 
999 |a 0001129506   |b Book   |c Children Collection   |e Cawangan Bandar Penawar